00621cam a2200181Ia 4500020001500000040000800015082002600023100001700049245002200066250002100088260004700109300003100156500005000187500003300237520012700270650002100397700002100418 a0590254812 cCMI a823 SCH 1995 A093 Or.1 aLewis, C. S.14aThe last battle / a[Scholastic ed.] aNew York :bScholastic Inc.,c1995, c1956. a211 p. :bill., map ;ccm. aEdition statement taken from p. [4] of cover. a"Col. map"--p. [3] of cover. aWhen evil comes to Narnia, Jill and Eustace help fight the great last battle and Aslan leads his people to a new paradise. 0aFantasy fiction.1 aBaynes, Pauline,